000 00798nam a22002057a 4500
005 20240530110447.0
008 150428s2011 ua a g 000 0aara d
017 _a2011/9863
_bمصر . دار الكتب المصرية
020 _a9789774218882
040 _aEG-CaGPL
082 0 4 _221
_a818.03
_bق/ش ن
100 0 _aشريف حتاته.
245 1 2 _aالنوافذ المفتوحة :
_bمذكرات شريف حتاتة /
_cشريف حتاتة.
260 _aالقاهرة :
_bالهيئة المصرية العامة للكتاب ،
_c2011.
300 _a591 ص ؛
_c24 سم.
600 0 _aشريف حتاته
_vالمذكرات.
651 0 4 _aمصر
_xالاحوال السياسية
_yعصر الملك فاروق.
942 _2ddc
_cBK
999 _c61171
_d61171